Environmental Policy (Record no. 630)
[ view plain ]
| 000 -LEADER | |
|---|---|
| fixed length control field | 00648nam a22002297a 4500 |
| 008 - FIXED-LENGTH DATA ELEMENTS--GENERAL INFORMATION | |
| fixed length control field | 130826b xxu||||| |||| 00| 0 eng d |
| 020 ## - INTERNATIONAL STANDARD BOOK NUMBER | |
| International Standard Book Number | 0415198860 |
| 024 ## - OTHER STANDARD IDENTIFIER | |
| Terms of availability | Available |
| 037 ## - SOURCE OF ACQUISITION | |
| Terms of availability | Available |
| 040 ## - CATALOGING SOURCE | |
| Original cataloging agency | MBSTU Lbrary |
| Modifying agency | MBSTU Lbrary |
| 082 ## - DEWEY DECIMAL CLASSIFICATION NUMBER | |
| Classification number | 363.7 |
| 100 ## - MAIN ENTRY--PERSONAL NAME | |
| Personal name | Jane Roberts |
| 245 ## - TITLE STATEMENT | |
| Title | Environmental Policy |
| 260 ## - PUBLICATION, DISTRIBUTION, ETC. (IMPRINT) | |
| Place of publication, distribution, etc. | London |
| Name of publisher, distributor, etc. | Routledge |
| Date of publication, distribution, etc. | 2004 |
| 300 ## - PHYSICAL DESCRIPTION | |
| Extent | 23 cm |
| Other physical details | 240 Page |
| Type of unit | 1 |
| Size of unit | 23 cm |
| 600 ## - SUBJECT ADDED ENTRY--PERSONAL NAME | |
| Source of heading or term | Environmental Problems |
| 700 ## - ADDED ENTRY--PERSONAL NAME | |
| Personal name | Jane Roberts |
| 270 ## - ADDRESS | |
| Address | London |
| City | london |
| Country | uk |
| 365 ## - TRADE PRICE | |
| Price amount | 2140.00 |
| Unit of pricing | 2140.00 |
| 942 ## - ADDED ENTRY ELEMENTS (KOHA) | |
| Source of classification or shelving scheme | |
| Koha item type | Books |
No items available.
